000 00927cab a2200301 4500
001 ABS53031
008 090401t1995 xxu||||| |||| 00| 0 eng d
035 _a(Sirsi) u1435
041 _aeng
245 _aFocus `95: the city of Bristol
260 _c1995
350 _a0
490 _aEstates Gazette
_v(9525) 24 June 1995, 101-144(15)
650 _aBRISTOL DEVELOPMENT CORPORATION
650 _aBRISTOL
650 _aCRIBBS CAUSEWAY
650 _aINDUSTRIAL MARKET
650 _aInfrastructure
_96246
650 _aOCCUPIERS REQUIREMENTS
650 _aOFFICE DEVELOPMENT
650 _aPROPERTY-COMMERCIAL PROPERTY-OFFICE PROPERTY-OFFICE PROPERTY MARKET
650 _aPROPERTY-COMMERCIAL PROPERTY-RETAIL PROPERTY-RETAIL PROPERTY MARKET
650 _aSERVICE SECTOR
650 _aTRAFFIC CONGESTION
690 _aPROPERTY-COMMERCIAL PROPERTY-COMMERCIAL PROPERTY MARKET
942 _n0
948 _c04/03/1997
999 _c796
_d796